000 00539nam a2200157 a 4500
001 000037498
005 20200930080410.0
008 120420s1987 sp a 000 0 spa d
020 _a840006500x
040 _aDO-SdBNP
_bspa
_cBNPHU
100 1 _aAñón, Carmen
_963950
245 1 0 _aReal jardín botánico de Madrid :
_bsus orígenes 1755-1781 /
_cCarmen Añón ; prólogo Santiago Castroviejo.
260 _aMadrid :
_bReal Jardín Botánico,
_c1987.
300 _a182 p. :
_bils. ;
_c25 cm.
700 1 _aCastroviejo, Santiago,
_epról.
_959513
999 _c36988
_d36988